000 00861nam a2200289Ia 4500
001 Z_1349
003 CHAP
008 220113s1977 xx 000 0 und d
010 _a164437
040 _cCHAP
090 _aTesis R 100
100 _aRamírez Maldonado, Hugo
_994120
245 _aEstudio dasométrico de una plantación forestal en Chapingo, Méx. /
_cpor Hugo Ramírez Maldonado
260 _aChapingo, Méx. :
_bEl autor,
_c1977
300 _a137 h.
502 _aTesis (Ing. Agr. Esp. en Bosques) -- ENA. Departamento de Bosques
650 _aBosques
_xInventarios
_xChapingo, Méx.
_9138574
650 _aChapingo, Méx.
_xBosques
_9138575
650 _aPlantación de arboles
_988782
650 _aSuelos forestales
_9110548
901 _aTESIS R 100
902 _aM
910 _a1977
942 _c2
942 _c2
999 _c164437
_d164437